Date histoire CRPE - Statistiques

Statistiques générales
  • Ce quiz a été pris 15 fois
  • Le résultat moyen est 9 sur 219
Statistiques - réponses
Indice Réponse % Correct
En combien de partie le royaume est-il divisé ? 3
88%
Apparition des bifaces il y a ... million(s) d'années 1
75%
On distingue combien de guerres de religion ? 8
75%
En quelle année est-il sacré empereur ? 800
63%
Nombre de piliers de l'islam 5
38%
Principal site de recherche d'art pariétal en France Lascaux
38%
Date de naissance des premiers Etats : ... av JC. 3500
25%
Quoi est majoritairement représenté dans les grottes contenant de l'art pariétal animaux
25%
Qui renverse Childéric 3 et met fin à la dynastie mérovingienne ? Pépin le Bref
25%
Les gaulois sont ...théistes poly
25%
Les nombreuses religions menacent l'unité du royaume, car il ne doit exister qu'une seule religion : celle du ... roi
25%
Quelle date précisément ? 25 décembre
13%
Apparition des choppers et galets, il y a ... million(s) d'années 2,7
13%
Date début de l'empire romain : ... av JC. 27
13%
Date de la victoire de césar sur la Gaulle ? En ... av JC. 52
13%
Date de fondation de la citée phocéenne en France, vers ... av JC 600
13%
En quelle année chute la dynastie mérovingienne ? 751
13%
En quelle année lui succède son fils Charlemagne ? 768
13%
En quelle année le royaume est-il divisé en trois ? 843
13%
En quelle année ? 987
13%
Dans quelle ville César vaincra Vercingétorix ? Alésia
13%
Louis IX est le seul roi de France ... par l'Eglise canonisé
13%
Quel dynastie va succéder au Carolingiens ? Capétiens
13%
Tous les gaulois sont des ... (peuple) celtes
13%
Animal le plus souvent représenté à Lascaux ? Cheval
13%
Texte sacré de l'islam Coran
13%
Type d'écriture utilisée en Mésopotamie à l'origine ? cunéiforme
13%
Phénomène qui disperse les juifs durant l'antiquité diaspora
13%
Le néolithique l'âge de ... la pierre polie
13%
Type d'écriture utilisée en Egypte à l'origine ? hiéroglyphes
13%
L'invention de l'écriture marque le début de ... l'histoire
13%
Mais aussi les fleurs de ... Lys
13%
De quelle dynastie Clovis est-il l'héritier ? Mérovingien
13%
Le long de quel fleuve en Egypte naissent les premiers Etats ? Nil
13%
L'empire est-il fragilisé par ces invasions ? Oui
13%
Dans quelle ville ? Reims
13%
Qui est le jumeau de Romulus ? Remus
13%
Comment sont appelés les rois capétiens ? Roi des francs
13%
Par qui fut fondé Rome selon la légende ? Romulus
13%
A partir de quand s'installent se développent des cités grecques ? ... siècle av JC | Siècle de naissance du judaïsme : ... siècle av JC. VIII
13%
En quelle année a lieu le grand schisme qui sépare définitivement les deux églises ? 1054
0%
Date de début des croisades 1095
0%
Règne de saint Louis de ... à ... 1226 à 1270
0%
Il participa à deux croisades, la première à lieu de ... à ... 1248 à 1254
0%
Et la seconde en ... 1270
0%
Jusque quelle année dure la monarchie capétienne ? 1328
0%
Quand les celtes s'installent en Europe Centrale ? 1350 av JC
0%
Quand se termine les reconquistada ? 1492
0%
Date bataille de Marignan 1515
0%
En quelle année ? 1516
0%
Année de cette bataille 1525
0%
En quelle année ? 1536
0%
Année de cette ordonnance 1539
0%
En quelle année ? 1545
0%
En quelle année débute les guerres de religion ? 1562
0%
Date de fréquentation de la grotte de Lascaux, il y a ... ans 18 000
0%
En quelle année fût-il promulgué ? 313
0%
Date invention de l'écriture, il y a ... ans 3700
0%
En quelle année l'empire romain est-il séparé en deux ? 395
0%
En quelle année ? 451
0%
En quelle année Clovis arrive-t-il au pouvoir ? 481
0%
Année de baptême de Clovis 496
0%
Date de la chute de l'empire romain d'occident 4 septembre 476
0%
Après de nombreuses conquête, en quelle année Clovis fait-il de Paris sa capitale ? | Date de naissance de la démocratie ... av JC. 508
0%
En quelle année est fondée la République romaine ? ... av JC. 509
0%
Année de la mort de Clovis 511
0%
En quelle année César entre en Gaulle ? En ... av JC. 58
0%
Date de la seconde phase de colonisation des grecs : entre ... et ... av JC 675 et 500
0%
Date de fondation de Rome ... av JC. 753
0%
En quelle année est sacré Pépin le Bref ? 754
0%
Date de la première phase de colonisation des grecs : entre ... et ... av JC 775 et 675
0%
Quelle est alors la capitale du royaume ? Aix-la-Chapelle
0%
Quel texte sacré est commun entre le judaïsme et le christianisme ? ancien testament
0%
Qui diffuse le message de Jesus après sa mort ? apôtres
0%
Type d'arc caractéristique de cette période ? Arc-boutan
0%
Grâce à quoi s'enrichissent les bourgeois ? artisanat et commerce
0%
D'où viennent les Celtes ? Asie centrale
0%
Lieu de naissance de la démocratie Athènes
0%
Les contacts entre chrétiens et musulmans sont nombreux grâce ... au commerce
0%
Qui fut le premier empereur ? Auguste
0%
Capitale du califat abbasside et centre majeur du monde musulman Bagdad
0%
François 1er noue alors une coopération militaire et économique lors de la signature des ... capitulations
0%
Durant quelle bataille sont-ils stoppés en Gaulle ? Champs catalaunique
0%
Célèbre ennemi de François 1er Charles Quint
0%
Père de Colvis Childéric Ier
0%
Au Moyen-Age, il existe trois grands mondes religieux, la chrétienté latine, l'islam et ... chrétienté orthodoxe
0%
Quels sont les trois grandes religions monothéistes (par ordre alphabétique) ? Christianisme islam judaïsme
0%
La société médiévale est divisée en trois ordres, ceux qui prient clergé
0%
Deux types de clergé, celui-ci est caractérisé par les moines clergé régulier
0%
Deux types de clergé, celui-ci est caractérisé par les prêtres et évêques clergé singulier
0%
Qui réforma une cité grecque pour donner naissance à la démocratie ? Clisthène
0%
Quel chef Franc entreprend alors la conquête de la Gaulle ? Clovis
0%
Deux raisons qui ont poussé les grecs à s'installer en Gaulle ? Commerciales et politiques
0%
A quoi servait l'écriture ? Compter et gérer
0%
Quel concordat permet au roi de nommer les évêques, les abbés et les prieurs ? concordat de Boulogne
0%
Quel est le premier empereur à adopter le christianisme ? Constantin
0%
L'église réagit alors par une ... contre-réforme
0%
Comment se définit une religion monothéiste ? croyance en un seul Dieu
0%
Cette ville est aussi un haut lieu de ... culture
0%
Au Néolithique, les humains passent de nomade à ... des agriculteurs sédentaires
0%
Lors de quel concile a-t-elle lieu ? de Trente
0%
Par quelle volonté est marqué la seconde phase de colonisation grecs ? Développement du commerce
0%
Louis IX se présente comme un chevalier se battant pour ... Dieu
0%
Sous l'impulsion de quel empereur les barbares sont-ils contenus ? Dioclétien
0%
La société celte est hiérarchisée, qui détient le savoir ? druides
0%
Les mérovingiens imposent une monarchie ... dynastique
0%
L'Eglise est un acteur social mais aussi ... en possédant d'immenses terres économique
0%
A partir de la construction de quelle Eglise se diffuse le modèle de la cathédrale gothique ? église de Saint Denis
0%
Clovis se considère comme le successeur de qui ? empereurs romains
0%
Cette division affaiblit lequel des deux empires ? empire d'occident
0%
Que signifie Galate (gaulois) dans la littérature grecque ? envahisseurs
0%
Qui est exclut de la démocratie à Athènes ? femmes, esclaves et étrangers
0%
Système qui lie les nobles au roi ou à d'autres seigneurs plus puissant féodalité
0%
A qui se fait la transmission du royaume ? fils ainée
0%
Quel est le premier foyer de la renaissance artistique ? Florence
0%
Quel est alors la résidence favorite de François 1er ? Fontainebleau
0%
Fin du Néolithique en France 2000 avant JC
0%
Début du Néolithique en France 6000 avant JC
0%
Homo sapiens développe ... grâce au polissage des pierres l'artisanat
0%
Quel roi en est à l'origine ? François 1er
0%
Par qui cet attaque est menée ? François de Guise
0%
Avec la victoire de Rome en Gaulle, apparition d'une nouvelle civilisation : les gallo-romains
0%
Quel est le style architecturale qui lui succédera ? gothique
0%
Sous François 1er notamment qui représentent et veillent au maintien de l'ordre sur le territoire ? gouverneurs
0%
Pendant longtemps, les gaulois furent considérés comme uniquement ... guerrier
0%
Les rois Henri II, Charles IX et ... se révèlent inapte à jouer le rôle d'arbitre Henri III
0%
Par quoi se transmet le pouvoir dans l'empire romaine ? Hérédité
0%
Qui inaugure le premier habitat construit ? Homo habilis
0%
Qui est le premier Roi Capétiens ? Huges Capet
0%
Les peuples barbares qui menacent l'empire romain sont eux-mêmes menacés par l'avancée des ... entre 395 et 453. Huns d'Attila
0%
A partir du VIIIème siècle, des musulmans occupent la péninsule ... ibérique
0%
En quelle siècle commence la christianisation de l'empire romain ? Ier siècle
0%
A partir de quel siècle les romains subissent ils des invasions barbares ? III siècle
0%
Cela permet à la France de prendre possession de quelle péninsule ? italienne
0%
Sous François 1er, quel explorateur est chargé d'organiser une expédition de découvertes et de prises de possession de terre en Amérique ? Jacques Cartier
0%
Quel théologien français est à l'origine de la seconde réforme ? Jean Calvin
0%
Quelle est la première religion monothéiste ? judaïsme
0%
Ce fut l'œuvre de quel chef d'état la conquête de la gaulle ? Jules César
0%
Il rend la ... au nom de Dieu justice
0%
Quelle route commerciale relié l'empire romain à l'Asie ? la route de la soie
0%
L'architecture de ces cathédrales sont tournées vers quoi ? Le ciel
0%
Que permet les régions fertiles tel que la Mésopotamie à la fin de la préhistoire ? Le développement de l'agriculture
0%
Avec son baptême, Clovis devient chef des francs mais aussi de ... | En échange, les rois capétiens reçoivent l'appui de ... l'église
0%
L'administration de Charlemagne repose sur trois piliers, composés des deux précédentes réponses ainsi que ... l'Eglise
0%
Envers qui les humanistes sont-ils très critique ? L'Eglise catholique
0%
Quels sont les deux principales activités économiques d'Homo Sapiens au Néolithique ? L'élevage et l'agriculture
0%
Quel célèbre artiste italien fait-il venir en France ? Léonard de Vinci
0%
Avec quelle pape ? Léon X
0%
Tout au long de son existence, par qui l'empire romain est menacé ? les barbares
0%
Sous Charlemagne qui est dotés des pouvoirs judiciaires et fiscaux ? les comtes
0%
Nom des expéditions religieuses armées pour reprendre Jerusalem les croisades
0%
Quoi joue un rôle important, en étant composé de riche romains ? Le sénat
0%
Sous Charlemagne qui vérifient que les lois sont appliqués et supervisent la gouvernance des comtes ? les missi dominci
0%
Par quel système de fortification est protégé l'empire romain de la Bretagne à la mer Noire ? Limes
0%
L'installation des grecs en Gaulle a-t-il permis de diffuser la culture grecque de manière : importante, limitée ou nullement ? limitée
0%
Le progrès de quel invention permet alors de diffuser les idées humanistes ? L'imprimerie
0%
Charlemagne multiplie les ... pour constituer un nouveau cadre législatif lois
0%
Quelle loi de Clovis impose la transmission du pouvoir royale par les descendants mâles ? loi salique
0%
Quel autre élément favorise le prestige de cet empire ? L'université de Paris
0%
Quel était la fonction de Pépin le Bref avant son coup d'état ? maire du palais
0%
Quel moine allemand est à l'origine de la première réforme ? (protestante) Martin Luther
0%
Quelle cité se situant dans l'actuel France fut fondée par les grecs ? Massalia
0%
François 1er, ... de la Renaissance française mécène
0%
Quand les celtes viennent en Europe de l'Ouest, à la recherche de quoi sont-ils ? minerai de fer
0%
La société celte est hiérarchisée, qui défend le village ? nobles ou guerriers
0%
La société médiévale est divisée en trois ordres, ceux qui combattent noblesse
0%
Bâtiment fortifié étant à la fois centres urbains, économiques et politique Oppida
0%
Ainsi que leur ... Oriflamme
0%
Pour lui faire face, avec quelle empire noue-t-il une coopération ? Ottoman
0%
L'autorité de qui est alors réaffirmé ? | La chrétienté latine reconnaissent l'autorité de quelle personne ? Pape
0%
Sous François 1er notamment qui enregistrent les actes royaux et remplit également des missions judiciaires et administratifs ? Parlements
0%
La chrétienté de l'empire byzantin est dirigée par qui ? Patriarche
0%
Organisé par quel Pape ? Paul III
0%
Bataille qui se solde par une cuisante défaite des français, puis qui se retire de ce même territoire Pavie
0%
Sous quel homme d'état Athènes est devenue une démocratie directe ? Périclès
0%
Comment sont traités les chrétiens dans l'empire romain dans un premier temps ? persécuter
0%
Quelle menace fuient les grecs en s'installant en Gaulle ? Perses
0%
La victoire de l'empire romain en gaulle permit à César d'imposer son pouvoir face à qui ? Pompée
0%
Que permet de renforcer ce sacre ? pouvoir politique avec l'église
0%
En échange, les seigneurs assurent leur ... protection
0%
En France, les guerres de religion opposent les catholiques aux ... protestants
0%
Les royaumes chrétiens engagent une reconquête, c'est la reconquistada
0%
Les seigneurs dominent les paysans qui leur doivent des r... et des ... redevances et des corvées
0%
Puis à partir de 1180 Roi de France
0%
Qui gouverne les premiers états ? Roi ou pharaon
0%
Style architecturale du Xème au XIIème siècle ? roman
0%
Sous l'empire, Rome contrôle un immense territoire et impose sa langue, ses lois, ses dieux, c'est la ... romanisation
0%
Le royaume de France devient "très chrétien", le roi prétend avoir reçu de Dieu les insignes ... Royaux
0%
L'église organise les 7 ... sacrements
0%
Que permet de justifier le mythe de la fondation de Rome ? Sa domination
0%
Quelle incursion notamment dans le Languedoc fragilise les carolingiens ? Sarrasins
0%
Ce clergé joue un rôle centrale dans la transmission du ... savoir
0%
Qui est alors à la tête de cet empire ? Soliman le magnifique
0%
Quel support utilise-t-on en pour écrire en Mésopotamie ? tablette d'argile
0%
Après la chute de quel roi fut fondée la république romaine ? Tarquin
0%
Sous quel empereur le christianisme devient-il la religion officielle ? Théodore
0%
A la suite de la mort de quelle empereur ? Théodose 1er
0%
La société médiévale est divisée en trois ordres, ceux qui travaillent tiers-état
0%
Le long de quels fleuves en Mésopotamie naissent les premiers Etats ? Tigre et Euphrate
0%
Avec la circulation des connaissances, une ville espagnole devient un centre de traduction | Quelle ville est le symbole de la cohabitation pacifique entre chrétiens, musulmans et juifs ? Tolède
0%
Invention gauloise qui révolutionne la manière de transporter des liquides Tonneau
0%
Quelle est alors la capitale du royaume des Francs ? Tournai
0%
Quel traité accorde alors la liberté de culte au chrétiens Traité de Milan
0%
Quel traité en est à l'origine ? Traité de Verdun
0%
Les cités grecques rassemblent des habitants et développent ... une civilisation
0%
Par qui est lancée la première croisade ? Urbain II
0%
Amélioration du système routier en Gaulle, ce sont les via romana
0%
Siècle de naissance de l'islam VIIème siècle
0%
Ce clergé joue un rôle centrale dans chaque ... village
0%
Homo sapiens crée alors les premiers ... villages
0%
Ordonnance qui impose le français comme langue officielle de l'administration et de la justice ? Villers-Cotterêts
0%
Que permet aux citoyens la démocratie directe ? voter des lois
0%
A cause des massacres des protestants de quelle ville ? Wassy
0%
Du XIIème siècle jusque qu'elle siècle ? XVème siècle
0%
Aucun quiz correspondant
Distribution des résultats
% des personnes avec chaque résultat
Percentile par nombre de réponses
Votre historique - résultats
Vous n’avez pas pris ce quiz